000 01489nkm a2200325 i 4500
001 2969
003 ES-MaACL
005 20250713062525.0
007 khrbo
008 041029s1981 sp --- g |001||spa d
100 0 _aAlfonso,
_d1902-1990
_919858
245 1 0 _aHomenaje rendido al escritor aragonés Benjamín Jarnés (1888-1949) [
_hFotografía] /
_cAlfonso [sello].
260 _a[S.l. :
_bs.n.],
_c1981.
300 _a4 fot. :
_bb. y n. ;
_c12 x 18 cm.
500 _aDatos basados en invitación.
511 0 _aIntervienen: Fernando Chueca Goitia, Francisco Ynduráin, Santos Sanz Villanueva, Manuel Andújar, Rafael Conte, José-Carlos Mainer.
518 _aActo organizado por el Ateneo de Madrid con la colaboración de Guara Editorial, celebrado en el salón de actos el martes 27 de enero de 1981, a las 20:00 h.
600 1 7 _aYnduráin, Francisco,
_d1910-1994
_2embne
_9117648
600 0 4 _aSanz Villanueva, Santos,
_d1948-
_9103692
600 1 7 _aAndújar, Manuel,
_d1913-1994
_2
_9158299
600 1 4 _aConte, Rafael.
_940270
600 1 4 _aMainer, José-Carlos,
_d1944-
_975599
600 1 4 _aChueca Goitia, Fernando,
_d1911-2004
_938688
610 2 4 _aAteneo de Madrid-
_xActos culturales-
_y1981-
_vFotografías.
_91892
710 2 _aAteneo de Madrid.
_91875
710 2 _aGuara Editorial.
_94551
852 _aES-MaACL
_jFOT 1/1981
856 4 _uhttp://www.ateneodemadrid.net/biblioteca_digital/imagenes/1981/0001-1981.jpg
_zVer imagen
999 _c2969
_d2969